000 00714nam a2200193Ia 4500
003 GCL
008 140319s9999 xx 000 0 ara d
040 _aGCL /
_cGCL
082 0 4 _a001.6425
_bط د
100 1 _aطارق مصطفى عشاوى
245 1 0 _aالدليل العربى لاستخدام برنامج مضاد للفيروسات Anti-virus centrel point /
_cطارق مصطفى عشاوى
260 _a[S.N] :
_bشبكة الكمبيوتر الشخصى ،
_c1992
300 _a185 ص
490 _a
650 0 4 _aالحاسبات الالكترونية
650 0 4 _aبرنامج مضاد الفيروسات
650 0 4 _aالحاسبات الالكترونية - برامج
942 _2ddc
_cBK
999 _c45820
_d45820